[Event "XXXI Memorial Edoardo Crespi B"]
[Site "Milano ITA"]
[Date "2010.12.04"]
[Round "1"]
[White "Calzolari, Giampietro"]
[Black "Rota, Giacomo"]
[Result "1/2-1/2"]
[WhiteElo "1859"]
[BlackElo "2011"]
[PlyCount "47"]
[EventDate "2010.12.04"]

1. e4 d6 2. d4 Nf6 3. Nc3 g6 4. f4 Bg7 5. Nf3 O-O 6. Bd3 Nbd7 7. O-O c6 8. e5
dxe5 9. fxe5 Nd5 10. Nxd5 cxd5 11. Be3 f6 12. exf6 exf6 13. Qd2 Re8 14. Rae1
Nf8 15. Bh6 Rxe1 16. Rxe1 Be6 17. c3 Qd7 18. h3 Re8 19. Kf2 Bf7 20. Bxg7 Kxg7
21. Rxe8 Qxe8 22. Qe3 g5 23. Qxe8 Bxe8 24. c4 1/2-1/2

[Event "XXXI Memorial Edoardo Crespi B"]
[Site "Milano ITA"]
[Date "2010.12.04"]
[Round "1"]
[White "Cerioni, Armando"]
[Black "Reina, Giuseppe"]
[Result "1/2-1/2"]
[WhiteElo "1986"]
[BlackElo "1841"]
[PlyCount "79"]
[EventDate "2010.12.04"]

1. f4 Nf6 2. Nf3 g6 3. b4 Bg7 4. Bb2 O-O 5. c4 b6 6. g3 Bb7 7. Bg2 c5 8. bxc5
bxc5 9. O-O Nc6 10. Nc3 Rb8 11. Rb1 Re8 12. Ba1 Qa5 13. Rb5 Qc7 14. Rxc5 Ba6
15. Ne5 Qd6 16. Na4 Rb4 17. d3 Nb8 18. Ra5 Qc7 19. Rc5 Qd8 20. Kh1 d6 21. Nc6
Nxc6 22. Rxc6 Bb7 23. Bc3 Bxc6 24. Bxc6 Rb8 25. Bxe8 Qxe8 26. Qc2 Qc6+ 27. Kg1
Ng4 28. Rf3 Bxc3 29. Nxc3 Qc5+ 30. Kh1 Nf2+ 31. Kg2 Ng4 32. Qd2 Qa3 33. Nb5 Qc5
34. h3 Nf6 35. Nc3 d5 36. Nxd5 Nxd5 37. cxd5 Qxd5 38. e4 Qd4 39. Rf2 Rd8 40.
Rf3 1/2-1/2

[Event "XXXI Memorial Edoardo Crespi B"]
[Site "Milano ITA"]
[Date "2010.12.04"]
[Round "1"]
[White "Cimo', Alessandro"]
[Black "Arboscelli, Gregorio"]
[Result "0-1"]
[WhiteElo "1792"]
[BlackElo "1906"]
[PlyCount "108"]
[EventDate "2010.12.04"]

1. d4 e6 2. c4 Nf6 3. Nc3 Bb4 4. Qc2 d5 5. Bg5 O-O 6. e3 c5 7. Nf3 cxd4 8. exd4
Nbd7 9. cxd5 exd5 10. Be2 h6 11. h4 hxg5 12. hxg5 Ne4 13. O-O-O f5 14. gxf6
Ndxf6 15. Bd3 Bxc3 16. bxc3 Qa5 17. Kb2 Bd7 18. Nd2 Ba4 19. Nb3 Bxb3 20. axb3
Rac8 21. c4 b5 22. c5 Qb4 23. Bxe4 dxe4 24. Qd2 Qxd2+ 25. Rxd2 Nd5 26. Rh4 Rf4
27. Rh5 Nb4 28. Kc3 a5 29. Re2 Rd8 30. Re5 Nd5+ 31. Kb2 Nf6 32. c6 Rc8 33. Rxb5
Rxc6 34. Rxa5 Rd6 35. Kc3 Rc6+ 36. Rc5 Rd6 37. Kc4 Rg4 38. f3 Rxd4+ 39. Kc3
exf3 40. gxf3 Rgf4 41. Rg2 Nd5+ 42. Kb2 Rxf3 43. Rg5 Rf2+ 44. Ka3 Nf6 45. Rc7
Rd7 46. Rxd7 Nxd7 47. b4 Nb6 48. b5 Rf4 49. Kb3 Kf7 50. Rc5 Kg6 51. Rc6+ Rf6
52. Rxf6+ Kxf6 53. Kb4 Ke5 54. Kc5 Nd5 0-1

[Event "XXXI Memorial Edoardo Crespi B"]
[Site "Milano ITA"]
[Date "2010.12.04"]
[Round "1"]
[White "Colombo, Luca"]
[Black "Laurino, Alberto"]
[Result "0-1"]
[WhiteElo "1912"]
[BlackElo "1801"]
[PlyCount "90"]
[EventDate "2010.12.04"]

1. e4 e6 2. d4 d5 3. e5 c5 4. c3 Nc6 5. Nf3 Qb6 6. Be2 Nge7 7. g4 Ng6 8. O-O
Be7 9. g5 Bd7 10. h4 O-O-O 11. h5 Nf8 12. dxc5 Bxc5 13. b4 Be7 14. a4 h6 15. a5
Qc7 16. Bf4 hxg5 17. Nxg5 Be8 18. Bb5 f6 19. Nf3 Bxh5 20. Bxc6 bxc6 21. Bg3 f5
22. Nbd2 g5 23. Qe2 f4 24. Qa6+ Qb7 25. Qxb7+ Kxb7 26. Bh2 Bxf3 27. Nxf3 Ng6
28. Rfe1 Rh3 29. Kg2 g4 30. Nd4 Nh4+ 31. Kg1 Nf3+ 32. Nxf3 Rxf3 33. Kg2 Bh4 34.
Bg1 Rxc3 35. Rec1 Rxc1 36. Rxc1 d4 37. f3 g3 38. Rd1 d3 39. Bc5 Rd5 40. Bd6 Bd8
41. Kh3 Bc7 42. a6+ Kb6 43. Bc5+ Kxa6 44. Ra1+ Kb5 45. Bf8 Bxe5 0-1

[Event "XXXI Memorial Edoardo Crespi B"]
[Site "Milano ITA"]
[Date "2010.12.04"]
[Round "1"]
[White "D'Avino, Luca"]
[Black "Silari, Andrea"]
[Result "1-0"]
[WhiteElo "1915"]
[BlackElo "1805"]
[PlyCount "75"]
[EventDate "2010.12.04"]

1. e4 c5 2. Nf3 Nc6 3. d4 cxd4 4. Nxd4 Nf6 5. Nc3 d6 6. Bc4 e6 7. Bb3 Be7 8.
O-O O-O 9. Be3 Na5 10. f3 a6 11. Qe1 Nxb3 12. Nxb3 b5 13. Rd1 Qc7 14. Qf2 Rb8
15. Rd2 Bd7 16. Rfd1 b4 17. Ne2 Rfd8 18. g4 Bc6 19. g5 Nh5 20. Ng3 Nxg3 21.
Qxg3 e5 22. Nc1 Rb5 23. Ne2 d5 24. Nd4 Qb6 25. Nf5 Qc7 26. f4 exf4 27. Bxf4
Bc5+ 28. Kf1 Qb7 29. Be5 Bf8 30. c4 bxc3 31. Bxc3 Re8 32. e5 Bd7 33. Nh6+ Kh8
34. Nxf7+ Kg8 35. Rf2 Be6 36. g6 hxg6 37. Ng5 Rb6 38. Qh4 1-0

[Event "XXXI Memorial Edoardo Crespi B"]
[Site "Milano ITA"]
[Date "2010.12.04"]
[Round "1"]
[White "Di Lascio, Savino"]
[Black "Bonassi, Tommaso"]
[Result "1-0"]
[WhiteElo "1940"]
[BlackElo "1819"]
[PlyCount "77"]
[EventDate "2010.12.04"]

1. Nf3 c5 2. e4 d6 3. Bb5+ Bd7 4. Bxd7+ Nxd7 5. O-O Ngf6 6. Re1 g6 7. c3 c4 8.
Qa4 Qc7 9. Na3 Rc8 10. e5 dxe5 11. Nxe5 a6 12. Qxc4 Nxe5 13. Qxc7 Nf3+ 14. gxf3
Rxc7 15. d4 Bg7 16. Bf4 Rd7 17. Nc4 Nd5 18. Bg3 f6 19. Re2 Kf7 20. Rae1 h5 21.
h4 Rc8 22. Nd2 Bh6 23. Ne4 b6 24. a4 a5 25. Nd2 Rc6 26. Nb1 Nf4 27. Bxf4 Bxf4
28. Na3 e5 29. Nb5 Rc8 30. Rd1 Ke6 31. b3 g5 32. hxg5 Rg8 33. d5+ Kf5 34. d6
Rxg5+ 35. Kh1 Rdg7 36. d7 Rg2 37. Nd6+ Ke6 38. d8=N+ Kd7 39. Nf5+ 1-0

[Event "XXXI Memorial Edoardo Crespi B"]
[Site "Milano ITA"]
[Date "2010.12.04"]
[Round "1"]
[White "Dogic, Mirhad"]
[Black "Ciciotti, Augusto"]
[Result "0-1"]
[WhiteElo "1800"]
[BlackElo "1909"]
[PlyCount "104"]
[EventDate "2010.12.04"]

1. f4 Nf6 2. Nf3 c5 3. e3 Nc6 4. Be2 g6 5. O-O Bg7 6. c3 O-O 7. d3 d5 8. Nbd2
Qc7 9. h3 e5 10. fxe5 Nxe5 11. Nxe5 Qxe5 12. Nf3 Qe7 13. b3 Nh5 14. Qe1 Re8 15.
Rb1 Bd7 16. Nh2 Nf6 17. Bd2 Rad8 18. Qf2 Bc8 19. Bf3 Bf5 20. Be2 c4 21. g4 Bxd3
22. Bxd3 cxd3 23. Nf3 Ne4 24. Qe1 Nxd2 25. Nxd2 Qxe3+ 26. Qxe3 Rxe3 27. Rbc1
Rde8 28. Nf3 d2 29. Nxd2 Rxh3 30. Nf3 Rg3+ 31. Kf2 Rxg4 32. Rfd1 Bh6 33. Rc2
Be3+ 34. Kf1 Rg3 35. Ne1 Bb6 36. Rg2 Rh3 37. Rg1 Bxg1 38. Kxg1 Re2 39. Kf1 Rxa2
40. Kg1 Rxc3 41. Rxd5 Rxb3 42. Rd1 a5 43. Ng2 Rg3 44. Kh1 Kg7 45. Rf1 f5 46.
Rc1 Kh6 47. Rc7 Rb2 48. Rc4 Rg4 49. Rc3 Kg5 50. Rc5 Rb1+ 51. Kh2 Rxg2+ 52. Kxg2
b5 0-1

[Event "XXXI Memorial Edoardo Crespi B"]
[Site "Milano ITA"]
[Date "2010.12.04"]
[Round "1"]
[White "Fornasir, Carlo Gustavo"]
[Black "Villa, Giorgio"]
[Result "0-1"]
[WhiteElo "1876"]
[BlackElo "1732"]
[PlyCount "64"]
[EventDate "2010.12.04"]

1. e4 c5 2. c3 Nf6 3. e5 Nd5 4. d4 cxd4 5. Nf3 e6 6. cxd4 d6 7. Bc4 Nb6 8. Bb3
Nc6 9. O-O Be7 10. Nc3 dxe5 11. dxe5 O-O 12. Be3 Na5 13. Qe2 Bd7 14. Rfd1 Qc7
15. Rac1 Nxb3 16. axb3 Bc6 17. Nb5 Qb8 18. Bc5 Bxc5 19. Rxc5 Bxb5 20. Qxb5 Rd8
21. Rdc1 Rd5 22. Rxd5 Nxd5 23. Qd7 b6 24. Nd4 Qe8 25. Qb7 Kf8 26. Nb5 Rb8 27.
Qxa7 Rc8 28. Rxc8 Qxc8 29. g3 Qc1+ 30. Kg2 Qc6 31. Qb8+ Ke7 32. Na7 Nf4+ 0-1

[Event "XXXI Memorial Edoardo Crespi B"]
[Site "Milano ITA"]
[Date "2010.12.04"]
[Round "1"]
[White "Franco, Alessandro P."]
[Black "Deghi, Donatello"]
[Result "1/2-1/2"]
[WhiteElo "1906"]
[BlackElo "1791"]
[PlyCount "136"]
[EventDate "2010.12.04"]

1. e4 c6 2. Nf3 d5 3. Nc3 dxe4 4. Nxe4 Bg4 5. d4 Qc7 6. h3 Bh5 7. Bd3 Nd7 8.
O-O e6 9. Re1 Ngf6 10. Ng3 Bg6 11. c3 Bd6 12. Nf5 Bxf5 13. Bxf5 O-O-O 14. Bd3
Kb8 15. b4 e5 16. b5 c5 17. a4 exd4 18. cxd4 cxd4 19. a5 Bb4 20. b6 axb6 21.
Nxd4 Rhe8 22. Rxe8 Rxe8 23. axb6 Nxb6 24. Be3 Nfd5 25. Nb5 Qe5 26. Bd4 Qg5 27.
Ra8+ Nxa8 28. Ba7+ Kc8 29. Qc2+ Kd8 30. Be4 Rxe4 31. Qxe4 Qc1+ 32. Kh2 Qf4+ 33.
Qxf4 Nxf4 34. Kg3 Nd5 35. Kg4 Nac7 36. Nd4 Kd7 37. Kf5 Bc3 38. Ne2 b5 39. Ke4
Kc6 40. Kd3 b4 41. Kc4 Nb5 42. Bb8 Na3+ 43. Kb3 Kb5 44. Bd6 Nb1 45. Bf8 Nd2+
46. Ka2 b3+ 47. Ka3 b2 48. Nxc3+ Nxc3 49. Kxb2 Nce4 50. Bxg7 Nxf2 51. Kc3 Nde4+
52. Kd4 Kc6 53. Ke5 Kc5 54. g4 Kc6 55. h4 Kd7 56. g5 Ke7 57. h5 Nxg5 58. Bf6+
Kf8 59. Bxg5 Kg7 60. Kf5 h6 61. Bd2 Nd3 62. Bc3+ Kf8 63. Bd2 Ke7 64. Bxh6 f6
65. Bg7 Kf7 66. h6 Kg8 67. Kg6 Ne5+ 68. Kxf6 Ng4+ 1/2-1/2

[Event "XXXI Memorial Edoardo Crespi B"]
[Site "Milano ITA"]
[Date "2010.12.04"]
[Round "1"]
[White "Ganci, Stefano"]
[Black "Marino, Marco"]
[Result "0-1"]
[WhiteElo "1891"]
[BlackElo "1775"]
[PlyCount "84"]
[EventDate "2010.12.04"]

1. b4 e6 2. b5 c5 3. Bb2 b6 4. e3 Bb7 5. Nf3 Nf6 6. c4 d5 7. Be2 Bd6 8. O-O
Nbd7 9. cxd5 exd5 10. d3 O-O 11. Nbd2 Re8 12. Re1 Qc7 13. h3 Re7 14. a4 a5 15.
bxa6 Bxa6 16. Qc2 Rae8 17. Bf1 Rc8 18. Rec1 Ree8 19. Ra2 Qd8 20. Qb3 Nb8 21.
Rb1 Bc7 22. Bxf6 gxf6 23. Nh4 Qd6 24. Ndf3 Qe6 25. Qc2 Nc6 26. Rab2 Nb4 27. Qd1
Kh8 28. d4 Bxf1 29. Qxf1 Rg8 30. Kh1 Qe4 31. g3 Nd3 32. Rd2 Nxf2+ 33. Rxf2 Bxg3
34. Rg2 Bxh4 35. Rg4 Rxg4 36. hxg4 Qxg4 37. Rb2 cxd4 38. Nxd4 Qe4+ 39. Rg2 Qxe3
40. Nf5 Qh3+ 41. Kg1 Bg5 42. Qe2 Rc1+ 0-1

[Event "XXXI Memorial Edoardo Crespi B"]
[Site "Milano ITA"]
[Date "2010.12.04"]
[Round "1"]
[White "Illyuviev, Oleg"]
[Black "Juciute, Einora"]
[Result "0-1"]
[WhiteElo "1988"]
[BlackElo "1843"]
[PlyCount "80"]
[EventDate "2010.12.04"]

1. c4 Nf6 2. Nc3 d5 3. cxd5 Nxd5 4. g3 Nxc3 5. bxc3 e5 6. Bg2 Bc5 7. Nf3 Nc6 8.
O-O O-O 9. Nxe5 Nxe5 10. d4 Qe7 11. dxc5 Qxc5 12. Qd4 Qe7 13. Rd1 Ng6 14. a4
Qxe2 15. Be3 Qh5 16. Rab1 c6 17. f3 b6 18. a5 Qxa5 19. Ra1 Qf5 20. f4 Ne7 21.
Qd6 Nd5 22. Bxd5 cxd5 23. Bxb6 Be6 24. Bxa7 Qe4 25. Re1 Qf3 26. Re3 Qg4 27. Qb6
Qh3 28. Rf1 Bf5 29. Rf2 Rae8 30. Re5 Be4 31. Qd6 Qg4 32. Bc5 Qd1+ 33. Rf1 Qc2
34. Rf2 Qd1+ 35. Rf1 Qe2 36. Rf2 Qe1+ 37. Rf1 Qxc3 38. Qb6 Rb8 39. Bd4 Qc2 40.
Rf2 Rxb6 0-1

[Event "XXXI Memorial Edoardo Crespi B"]
[Site "Milano ITA"]
[Date "2010.12.04"]
[Round "1"]
[White "Invernizzi, Ferruccio"]
[Black "Mei, Gianluca"]
[Result "1/2-1/2"]
[WhiteElo "1748"]
[BlackElo "1881"]
[PlyCount "146"]
[EventDate "2010.12.04"]

1. e4 e5 2. Nf3 Nc6 3. d4 exd4 4. Nxd4 Bc5 5. Be3 Qf6 6. c3 Nge7 7. Bc4 Ne5 8.
Bb3 d6 9. O-O O-O 10. h3 Qg6 11. Kh1 Qxe4 12. Bc2 Qh4 13. Nd2 Bxh3 14. N2f3 Qh5
15. gxh3 Bxd4 16. Nxd4 Qxh3+ 17. Kg1 c5 18. Be4 cxd4 19. Bg2 Qg4 20. Bxd4 Qxd1
21. Raxd1 N7c6 22. b3 Rad8 23. Be3 h6 24. Rd5 Ne7 25. Rd2 b6 26. Rfd1 d5 27. c4
d4 28. Bxd4 N5g6 29. c5 Nf5 30. cxb6 Nxd4 31. Rxd4 Rxd4 32. Rxd4 axb6 33. Rd7
Rb8 34. Bd5 Nh8 35. a4 Kf8 36. b4 Ke8 37. Bc6 Kf8 38. Rb7 Rxb7 39. Bxb7 Ke7 40.
a5 bxa5 41. bxa5 Kd6 42. Kf1 Kc7 43. Bf3 Ng6 44. Ke2 Ne5 45. Bg2 Nc4 46. Bd5
Nxa5 47. Bxf7 Kd6 48. Kf3 Nc6 49. Kf4 Nd4 50. Ke4 Ne6 51. Kf5 Ng5 52. Bh5 Ke7
53. Kg6 Kf8 54. f4 Ne6 55. Kf5 Ke7 56. Kg6 Kf8 57. Kf5 Nd8 58. Kg6 Nc6 59. Kf5
Ne7+ 60. Ke6 g6 61. Bf3 Ng8 62. f5 Kg7 63. fxg6 Kxg6 64. Ke5 Kg5 65. Bd1 Nf6
66. Be2 Ng4+ 67. Ke4 h5 68. Kf3 h4 69. Kg2 Nf6 70. Bd1 Nd5 71. Ba4 Nb6 72. Bc6
Nc4 73. Bd7 Na5 1/2-1/2

[Event "XXXI Memorial Edoardo Crespi B"]
[Site "Milano ITA"]
[Date "2010.12.04"]
[Round "1"]
[White "Lancianese, Giuseppe"]
[Black "Sirletti, Sonia"]
[Result "0-1"]
[WhiteElo "1784"]
[BlackElo "1903"]
[PlyCount "76"]
[EventDate "2010.12.04"]

1. e4 d6 2. d4 Nf6 3. Nc3 Nbd7 4. Nf3 e5 5. dxe5 dxe5 6. Bc4 Bb4 7. O-O O-O 8.
Nd5 Nxd5 9. Bxd5 c6 10. Bb3 Qc7 11. c3 Bc5 12. Qe2 h6 13. Be3 a5 14. a4 b6 15.
Rfd1 Bxe3 16. Qxe3 Nc5 17. Bc4 Bg4 18. h3 Be6 19. Bxe6 Nxe6 20. Rd2 Rfd8 21.
Rad1 Rxd2 22. Rxd2 Nc5 23. Kf1 Nxa4 24. Qd3 Rc8 25. Qd6 Qxd6 26. Rxd6 f6 27.
Nh4 Rc7 28. Nf5 Kf7 29. Rd2 Nc5 30. f3 h5 31. Ke2 Rd7 32. Nd6+ Ke6 33. Nc4
Rxd2+ 34. Kxd2 Nd7 35. Kd3 a4 36. Ne3 g6 37. g4 hxg4 38. fxg4 Nc5+ 0-1

[Event "XXXI Memorial Edoardo Crespi B"]
[Site "Milano ITA"]
[Date "2010.12.04"]
[Round "1"]
[White "Lanni, Vincenzo"]
[Black "De Santis, Massimo"]
[Result "1/2-1/2"]
[WhiteElo "1803"]
[BlackElo "1914"]
[PlyCount "94"]
[EventDate "2010.12.04"]

1. d4 d5 2. g3 Nf6 3. Bg2 c6 4. Nf3 Nbd7 5. O-O e6 6. Nbd2 Bd6 7. c3 O-O 8. Qc2
e5 9. dxe5 Nxe5 10. e4 Re8 11. Nxe5 Bxe5 12. exd5 Nxd5 13. Nc4 Bc7 14. Ne3 Be6
15. Nxd5 Bxd5 16. Bxd5 Qxd5 17. Be3 Qf3 18. Rad1 Qg4 19. Rd4 Qg6 20. Qxg6 hxg6
21. Rd7 Rac8 22. Rfd1 a6 23. c4 Rcd8 24. b4 b5 25. c5 Rc8 26. Kg2 Re4 27. a3 a5
28. Kf3 Rc4 29. R1d4 Rxd4 30. Bxd4 axb4 31. axb4 Kf8 32. Be3 Ke8 33. Rd3 f6 34.
h4 Rd8 35. Rxd8+ Kxd8 36. g4 Ke7 37. Ke4 Ke6 38. Kd3 Bh2 39. Ke4 Bc7 40. f4 f5+
41. Kf3 Bd8 42. g5 Kf7 43. Bd4 Be7 44. Ke3 Bf8 45. Kd3 Ke6 46. Be5 Kf7 47. Kd4
Ke6 1/2-1/2

[Event "XXXI Memorial Edoardo Crespi B"]
[Site "Milano ITA"]
[Date "2010.12.04"]
[Round "1"]
[White "Mansueti, Marco"]
[Black "Gongalov, Bojan"]
[Result "0-1"]
[WhiteElo "1873"]
[BlackElo "2026"]
[PlyCount "82"]
[EventDate "2010.12.04"]

1. e4 Nf6 2. e5 Nd5 3. c4 Nb6 4. d4 d6 5. exd6 exd6 6. Nf3 Bg4 7. Be3 Nc6 8.
Nbd2 Be7 9. Be2 O-O 10. O-O Re8 11. d5 Nb8 12. Re1 Bf6 13. Bd4 N8d7 14. Qc2
Bxd4 15. Nxd4 Bxe2 16. Nxe2 Qh4 17. Ng3 Ne5 18. Re4 Qh6 19. Rae1 Qg6 20. f4 f5
21. R4e2 Ng4 22. Qxf5 Rxe2 23. Rxe2 Rf8 24. Qxg6 hxg6 25. Re7 Rxf4 26. Rxc7 Ne3
27. Ne2 Rg4 28. g3 Na4 29. Rxb7 Nc5 30. Rxa7 Rg5 31. b3 Nc2 32. a3 Re5 33. Nf4
g5 34. Nh5 Re1+ 35. Kf2 Nd3+ 36. Kf3 Ne5+ 37. Kg2 Re2+ 38. Kg1 Rxd2 39. Rxg7+
Kf8 40. Rb7 Nf3+ 41. Kh1 Rxh2# 0-1

[Event "XXXI Memorial Edoardo Crespi B"]
[Site "Milano ITA"]
[Date "2010.12.04"]
[Round "1"]
[White "Marchini, Daniele"]
[Black "Guidi, Giacomo G."]
[Result "1-0"]
[WhiteElo "1847"]
[BlackElo "1996"]
[PlyCount "139"]
[EventDate "2010.12.04"]

1. d4 f5 2. c4 Nf6 3. Nf3 e6 4. Nc3 Be7 5. Bf4 O-O 6. Qc2 Nh5 7. Bd2 d5 8. e3
Nf6 9. Bd3 Ne4 10. O-O c6 11. b3 Bd6 12. Rae1 Nd7 13. Ne2 e5 14. dxe5 Nxe5 15.
Nxe5 Bxe5 16. Bb4 Bd6 17. Bxd6 Qxd6 18. f3 Nc5 19. cxd5 cxd5 20. Nc3 Be6 21.
Nb5 Qb6 22. Nd4 Rac8 23. Bxf5 Bxf5 24. Nxf5 Qf6 25. Nd4 Ne6 26. Qd2 Nxd4 27.
Qxd4 Qxd4 28. exd4 Rc2 29. Rf2 Rfc8 30. Re8+ Kf7 31. Rxc8 Rxc8 32. Re2 b5 33.
Kf2 a5 34. Ke3 a4 35. bxa4 bxa4 36. Kd3 Rb8 37. g4 Kf6 38. h4 h6 39. Kc3 Rc8+
40. Kd3 Rb8 41. f4 g6 42. Ke3 Rb4 43. Kd3 Rb8 44. Kc3 Rc8+ 45. Kd3 Rb8 46. g5+
hxg5 47. fxg5+ Kf7 48. Ke3 Re8+ 49. Kf3 Rb8 50. Kf4 a3 51. Re3 Ra8 52. Rb3 Ra5
53. Ke5 Ra7 54. Kxd5 Rd7+ 55. Ke5 Ra7 56. d5 Ra4 57. Rh3 Ra5 58. h5 gxh5 59.
Rxh5 Kg6 60. Rh3 Kxg5 61. Ke6 Kg4 62. Rd3 Kf4 63. d6 Re5+ 64. Kd7 Kf5 65. Rxa3
Rd5 66. Re3 Kf6 67. Kc6 Ra5 68. d7 Ra8 69. Re8 Ra6+ 70. Kb7 1-0

[Event "XXXI Memorial Edoardo Crespi B"]
[Site "Milano ITA"]
[Date "2010.12.04"]
[Round "1"]
[White "Memarian, Milad"]
[Black "Miracola, Massimiliano"]
[Result "1-0"]
[WhiteElo "2018"]
[BlackElo "1862"]
[PlyCount "71"]
[EventDate "2010.12.04"]

1. Nf3 d5 2. c4 c6 3. d4 e6 4. b3 Nd7 5. g3 Bd6 6. Bb2 Ngf6 7. Bg2 O-O 8. O-O
a6 9. a4 Qe7 10. Ne5 Bc7 11. Qc2 Re8 12. Nd2 Nxe5 13. dxe5 Ng4 14. Nf3 f6 15.
exf6 Nxf6 16. Ne5 Bd6 17. e4 Qc7 18. f4 dxe4 19. c5 Bf8 20. Bd4 Qa5 21. Rfd1
Rd8 22. b4 Qxb4 23. Rab1 Qa5 24. Nc4 Qc7 25. Nb6 Ra7 26. Be5 Qe7 27. Rxd8 Qxd8
28. Bb8 Ng4 29. h3 Qd4+ 30. Kh1 Nf2+ 31. Kh2 e5 32. Qa2+ Kh8 33. Qf7 Qxc5 34.
Bxa7 exf4 35. Nxc8 Qa3 36. Bxf2 1-0

[Event "XXXI Memorial Edoardo Crespi B"]
[Site "Milano ITA"]
[Date "2010.12.04"]
[Round "1"]
[White "Monticone, Sonia"]
[Black "Marincolo, Piercarlo"]
[Result "0-1"]
[WhiteElo "1827"]
[BlackElo "1953"]
[PlyCount "94"]
[EventDate "2010.12.04"]

1. c4 f5 2. Nc3 Nf6 3. g3 e6 4. Bg2 d5 5. cxd5 exd5 6. d4 c6 7. e3 Bd6 8. Nge2
O-O 9. O-O Na6 10. a3 Nc7 11. Re1 Ne6 12. Nf4 Ne4 13. Nce2 Kh8 14. Nxe6 Bxe6
15. Nf4 Bd7 16. b4 a5 17. bxa5 Qxa5 18. Bb2 Rae8 19. h4 Qd8 20. h5 Qg5 21. Nh3
Qh6 22. Nf4 Nf6 23. Bf3 Ng4 24. Qd2 Bxf4 25. exf4 Qxh5 26. Bxg4 fxg4 27. Re5
Rxe5 28. dxe5 Bf5 29. Re1 Re8 30. Qd4 Re6 31. Qb4 Qf7 32. Qb6 h6 33. Qd4 Qg6
34. Kf1 Bd3+ 35. Kg1 Be4 36. Kf1 Bf3 37. Rc1 Qf5 38. Ke1 b5 39. Kd2 h5 40. Qb4
Kg8 41. Bd4 Kf7 42. Bc5 g5 43. Bd6 gxf4 44. Qxf4 Qxf4+ 45. gxf4 Kg6 46. Rxc6
Kf5 47. Ke3 d4+ 0-1

[Event "XXXI Memorial Edoardo Crespi B"]
[Site "Milano ITA"]
[Date "2010.12.04"]
[Round "1"]
[White "Morandi, Daniele"]
[Black "Scarpellini, Felice"]
[Result "1-0"]
[WhiteElo "1925"]
[BlackElo "1809"]
[PlyCount "75"]
[EventDate "2010.12.04"]

1. e4 d6 2. d4 g6 3. c4 Bg7 4. Nc3 c6 5. Be3 Nf6 6. f3 O-O 7. Qd2 a6 8. Bh6 b5
9. Bxg7 Kxg7 10. g4 e5 11. d5 cxd5 12. g5 Nh5 13. Nxd5 bxc4 14. Bxc4 Nc6 15.
Ne2 Bb7 16. Bb3 Qa5 17. Ndc3 Rad8 18. Bd5 Rd7 19. f4 f5 20. exf5 gxf5 21. O-O-O
Ba8 22. Qe3 e4 23. Qh3 Nb4 24. Bxa8 Rxa8 25. Qxh5 Nd3+ 26. Rxd3 exd3 27. Nd4
Rc8 28. Kd2 Qb4 29. Qh6+ Kh8 30. Qf6+ Rg7 31. Nxf5 Qxb2+ 32. Kxd3 Rxc3+ 33.
Qxc3 Qb5+ 34. Ke4 Qb7+ 35. Ke3 Qb6+ 36. Kf3 Qb7+ 37. Kg3 h5 38. Qxg7+ 1-0

[Event "XXXI Memorial Edoardo Crespi B"]
[Site "Milano ITA"]
[Date "2010.12.04"]
[Round "1"]
[White "Nepi, Ezio"]
[Black "Margstahler, Francesco"]
[Result "1-0"]
[WhiteElo "1904"]
[BlackElo "1790"]
[PlyCount "67"]
[EventDate "2010.12.04"]

1. d4 d5 2. c4 c6 3. Nc3 dxc4 4. e3 b5 5. a4 b4 6. Ne4 Qd5 7. Ng3 Nf6 8. Qc2
Ba6 9. Nf3 e6 10. e4 Qa5 11. Bd2 c3 12. bxc3 bxc3 13. Bxc3 Bb4 14. Bxb4 Qxb4+
15. Qd2 Qxd2+ 16. Kxd2 Ke7 17. Rb1 Rd8 18. Bxa6 Nxa6 19. Rb7+ Ke8 20. e5 Ng4
21. h3 Nxf2 22. Rf1 Nc5 23. Rc7 Nfe4+ 24. Nxe4 Nxe4+ 25. Ke3 Ng3 26. Rb1 Nf5+
27. Kd3 Rd7 28. Rxd7 Kxd7 29. Rb7+ Ke8 30. g4 Ne7 31. Ng5 Rd8 32. Ne4 Rd7 33.
Rb8+ Rd8 34. Nd6+ 1-0

[Event "XXXI Memorial Edoardo Crespi B"]
[Site "Milano ITA"]
[Date "2010.12.04"]
[Round "1"]
[White "Olivo, Mario"]
[Black "Forno, Roberto"]
[Result "1-0"]
[WhiteElo "1818"]
[BlackElo "1940"]
[PlyCount "106"]
[EventDate "2010.12.04"]

1. c4 e5 2. Nc3 Bc5 3. e3 d6 4. g3 Nc6 5. Bg2 Nf6 6. Nge2 Bg4 7. h3 Bh5 8. a3
a5 9. d3 O-O 10. O-O Qd7 11. Qc2 Rfe8 12. Kh2 Rad8 13. e4 h6 14. Bd2 Kh7 15.
Rae1 g5 16. f3 Bg6 17. g4 Kg7 18. Qc1 Nh7 19. Ng3 Nd4 20. Qd1 c6 21. Be3 Ne6
22. Qd2 Nhf8 23. Nf5+ Bxf5 24. gxf5 Nf4 25. Rh1 Nh7 26. d4 Bxd4 27. Bxd4 exd4
28. Qxd4+ Re5 29. Rd1 Qc7 30. c5 d5 31. exd5 Nxd5 32. Ne4 Nhf6 33. Nd6 Rxf5 34.
Rhe1 b6 35. b4 axb4 36. axb4 Rf4 37. Re4 bxc5 38. bxc5 Rxe4 39. fxe4 Nf4 40. e5
N6d5 41. Bxd5 cxd5 42. Rf1 Ra8 43. Rf2 Ra3 44. Ne8+ Kg6 45. Nxc7 Rxh3+ 46. Kg1
Rh4 47. Rxf4 Rxf4 48. Qd3+ Kh5 49. Nxd5 Rg4+ 50. Kf1 Kh4 51. c6 Ra4 52. c7 Ra8
53. Qc4+ g4 1-0

[Event "XXXI Memorial Edoardo Crespi B"]
[Site "Milano ITA"]
[Date "2010.12.04"]
[Round "1"]
[White "Orsi, Matteo"]
[Black "Hatipoglu, Metin"]
[Result "1-0"]
[WhiteElo "1954"]
[BlackElo "1832"]
[PlyCount "77"]
[EventDate "2010.12.04"]

1. d4 d5 2. Nf3 Nf6 3. c4 e6 4. g3 Be7 5. Bg2 O-O 6. O-O Nbd7 7. Qc2 c6 8. Nbd2
Re8 9. e4 dxe4 10. Nxe4 Nxe4 11. Qxe4 Nf6 12. Qe2 Qb6 13. b3 Qa6 14. Ne5 Bd7
15. g4 Red8 16. g5 Ne8 17. Be4 g6 18. Qf3 Nd6 19. Bd3 Nf5 20. Ng4 Be8 21. Qh3
Qb6 22. Bxf5 exf5 23. Nh6+ Kg7 24. Be3 Qc7 25. f4 Rd6 26. Rf3 Rad8 27. d5 cxd5
28. Bd4+ Kf8 29. Nxf5 gxf5 30. Qxh7 Bxg5 31. Qg7+ Ke7 32. Qxg5+ Kd7 33. Qxf5+
Ke7 34. Re1+ Re6 35. Bf6+ Kd7 36. Qxd5+ Kc8 37. Rxe6 fxe6 38. Qxd8+ Qxd8 39.
Bxd8 1-0

[Event "XXXI Memorial Edoardo Crespi B"]
[Site "Milano ITA"]
[Date "2010.12.04"]
[Round "1"]
[White "Oteri, Aldo"]
[Black "Bernago, Federico"]
[Result "0-1"]
[WhiteElo "1833"]
[BlackElo "1955"]
[PlyCount "106"]
[EventDate "2010.12.04"]

1. e4 c5 2. Nf3 e6 3. d4 cxd4 4. Nxd4 a6 5. c4 Nf6 6. Nc3 Qc7 7. Be2 d6 8. Bg5
Nbd7 9. f4 Be7 10. O-O b6 11. Bf3 Bb7 12. Kh1 Rc8 13. Rc1 O-O 14. b3 Rfe8 15.
Qd2 h6 16. Bxf6 Nxf6 17. e5 dxe5 18. fxe5 Nh7 19. Qe2 Red8 20. Bxb7 Qxb7 21.
Rcd1 Bc5 22. Nf3 Qc7 23. Na4 Be7 24. Qf2 Rxd1 25. Rxd1 Rd8 26. Qe2 Nf8 27. Rxd8
Qxd8 28. Qd2 Qc7 29. Qd4 Ng6 30. g3 Nf8 31. Ne1 Nd7 32. Nd3 Nc5 33. Naxc5 Bxc5
34. Nxc5 bxc5 35. Qe4 Qa5 36. Qa8+ Kh7 37. Qe4+ g6 38. Qe2 Qc3 39. Kg2 Qb4 40.
Qf2 Kg8 41. Qf6 Qd2+ 42. Qf2 Qa5 43. h4 h5 44. Qf3 Qd2+ 45. Qf2 Qa5 46. Qf3
Qxa2+ 47. Kh3 Qc2 48. Qa8+ Kg7 49. Qxa6 Qf5+ 50. Kg2 Qxe5 51. Qa2 Qe4+ 52. Kh2
e5 53. Qb2 Qd4 0-1

[Event "XXXI Memorial Edoardo Crespi B"]
[Site "Milano ITA"]
[Date "2010.12.04"]
[Round "1"]
[White "Paganini, Andrea"]
[Black "Piantoni, Pierino"]
[Result "0-1"]
[WhiteElo "1840"]
[BlackElo "1960"]
[PlyCount "46"]
[EventDate "2010.12.04"]

1. e4 Nc6 2. d4 d5 3. e5 Bf5 4. f4 e6 5. Nf3 Be7 6. Be2 h6 7. h4 h5 8. c3 Nh6
9. Nbd2 a6 10. a4 Ng4 11. Nf1 Na5 12. Ne3 Be4 13. g3 c5 14. dxc5 Bxc5 15. b4
Bxe3 16. bxa5 Bf2+ 17. Kf1 Qxa5 18. Qb3 O-O 19. Bd2 Qc5 20. Kg2 Be3 21. Be1 Bd2
22. Qxb7 Qe3 23. Rf1 Qxe2+ 0-1

[Event "XXXI Memorial Edoardo Crespi B"]
[Site "Milano ITA"]
[Date "2010.12.04"]
[Round "1"]
[White "Palmieri, Giovanni"]
[Black "Kimbin, Richard Conrod"]
[Result "0-1"]
[WhiteElo "1806"]
[BlackElo "1928"]
[PlyCount "72"]
[EventDate "2010.12.04"]

1. d4 Nf6 2. c4 g6 3. Nc3 Bg7 4. e4 d6 5. f4 c5 6. dxc5 Qa5 7. Bd2 Qxc5 8. h3
Nc6 9. Nf3 a6 10. a3 Nh5 11. Bd3 Ng3 12. Rh2 Bd4 13. Nxd4 Qxd4 14. Qf3 Qg1+ 15.
Bf1 Qxh2 16. O-O-O Nd4 17. Qe3 Nb3+ 18. Kc2 Nxd2 19. Kxd2 Nxf1+ 20. Rxf1 Qxg2+
21. Rf2 Qxh3 22. Qd4 O-O 23. Nd5 Re8 24. Nc7 Bd7 25. Nxa8 Rxa8 26. Qb6 Bc6 27.
Re2 Qf3 28. Qe3 Qxe3+ 29. Kxe3 b5 30. Rc2 Kf8 31. c5 dxc5 32. Rxc5 Rc8 33. Rc3
Bb7 34. Rd3 Ke8 35. b4 Rc4 36. e5 Re4+ 0-1